Irrawaddy Flotilla /

Bibliographic Details
Main Authors: McCrae, Alister, Prentice, Alan (Author)
Format: Book
Language:English
Published: Paisley : James Paton Limited, 1978.
Subjects:

MARC

Tag First Indicator Second Indicator Subfields
LEADER 00000cam a2200000 i 4500
001 in00001410116
005 20151020060858.0
008 790531s1978 stkabf b 001 0 eng
010 |a  79305182  
015 |a GB78-29469 
020 |a 0950606103 :  |c £4.50 
035 |a (OCoLC)05125832 
035 |9 AHN8078AM 
040 |a DLC  |c DLC  |d TXA  |d UtOrBLW 
043 |a a-br--- 
049 |a TXAM 
050 0 0 |a HE945.I68  |b M3 
082 0 0 |a 386/.3/065591 
100 1 |a McCrae, Alister. 
245 1 0 |a Irrawaddy Flotilla /  |c by Alister McCrae and Alan Prentice ; with a foreword by Bernard Fergusson. 
264 1 |a Paisley :  |b James Paton Limited,  |c 1978. 
300 |a 195 pages, 12 unnumbered pages of plates :  |b illustrations, 2 maps ;  |c 23 cm. 
336 |a text  |b txt  |2 rdacontent 
337 |a unmediated  |b n  |2 rdamedia 
338 |a volume  |b nc  |2 rdacarrier 
504 |a Bibliography: page 191. 
500 |a Includes index. 
610 2 0 |a Irrawaddy Flotilla Company  |x History. 
650 0 |a Inland water transportation  |z Burma  |x History. 
700 1 |a Prentice, Alan,  |e author. 
948 |a c:MH 
999 |a MARS 
999 f f |s 96aa1ee1-0773-3b44-a579-e6c25827545e  |i 3a71233d-51b5-34dd-8138-6fbac32c4fdd  |t 0 
952 f f |p noncirc  |a Texas A&M University  |b College Station  |c Cushing Memorial Library & Archives  |d Cushing: Ragan Military (Does not check out)  |t 0  |e HE945.I68 M3 1978  |h Library of Congress classification  |i unmediated -- volume 
998 f f |a HE945.I68 M3 1978  |t 0  |l Cushing: Ragan Military (Does not check out)